000 00707nam a2200229 i 4500
001 112349
003 ES-MaACL
005 20231229062527.0
007 t|
008 061121s1960 sp |||| | spa d
100 1 _aOrtega y Gasset, José,
_d1883-1955
_987503
245 1 4 _aLas Atlántidas ;
_by Del Imperio romano /
_cJosé Ortega y Gasset.
246 3 _aDel Imperio romano
260 _aMadrid :
_bRevista de Occidente,
_c1960.
300 _a164 p. ;
_c18 cm.
490 1 _aEl arquero
650 4 _aHistoria-
_xFilosofía.
_913380
651 4 _aRoma-
_xHistoria-
_y30 a.C.-284 d.C., Alto Imperio.
_99318
830 1 _aEl arquero
_9185163
852 _aES-MaACL
_jC-20211
999 _c112349
_d112349